[Event "Edmonton CC Reserves"]
[Site "Edmonton"]
[Date "2006.02.23"]
[Round "8"]
[White "Khataw, Rahim"]
[Black "Rekhson, Vladislav"]
[Result "1/2-1/2"]
[WhiteElo "1706"]
[BlackElo "2047"]
[PlyCount "66"]
[EventDate "2006.02.10"]
[EventType "swiss"]
[EventRounds "9"]
[EventCountry "CAN"]
[SourceTitle "EXT 2007"]
[Source "ChessBase"]
[SourceDate "2006.11.23"]
[SourceVersion "1"]
[SourceVersionDate "2006.11.23"]
[SourceQuality "1"]

1. e4 c5 2. Nf3 a6 3. c3 d5 4. exd5 Qxd5 5. d4 cxd4 6. cxd4 Nf6 7. Be2 Bg4 8. Nc3 Qd6 9. 0-0 e6 10. Be3 Be7 11. Rc1 0-0 12. Ne5 Bxe2 13. Qxe2 Nd5 14. Qf3 Nc6 15. Nxd5 exd5 16. Nxc6 bxc6 17. Rc2 Rfd8 18. Rfc1 Rac8 19. Qe2 Bf6 20. Qxa6 Ra8 21. Qxc6 Qxc6 22. Rxc6 Rxa2 23. Rb1 h6 24. Kf1 Rb8 25. Rc5 Rbxb2 26. Rxb2 Rxb2 27. Rxd5 Kf8 28. Ra5 Ke7 29. Ra6 Kd7 30. Bxh6 Bxd4 31. Be3 Bxe3 32. fxe3 Ke7 33. h3 Rc2 1/2-1/2

[Event "Edmonton Sept op"]
[Site "Edmonton"]
[Date "2005.09.01"]
[Round "1"]
[White "Khataw, Rahim"]
[Black "Procyshyn, Jeff"]
[Result "0-1"]
[WhiteElo "1718"]
[BlackElo "1232"]
[PlyCount "52"]
[EventDate "2005.09.01"]
[EventType "swiss"]
[EventRounds "4"]
[EventCountry "CAN"]
[SourceTitle "EXT 2008"]
[Source "ChessBase"]
[SourceDate "2007.11.25"]
[SourceVersion "1"]
[SourceVersionDate "2007.11.25"]
[SourceQuality "1"]

1. e4 e6 2. d4 d5 3. Nc3 Bb4 4. e5 Ne7 5. a3 Bxc3+ 6. bxc3 0-0 7. Bd3 c5 8. Nf3 Nf5 9. g4 Nh4 10. Nxh4 Qxh4 11. Qf3 Nc6 12. Qg3 Qxg3 13. hxg3 g6 14. Bb5 cxd4 15. Bxc6 bxc6 16. cxd4 Ba6 17. Bg5 Rac8 18. Bf6 Rfe8 19. Rxh7 Kxh7 20. g5 Rg8 21. Kd2 Rg7 22. Rh1+ Kg8 23. Bxg7 Kxg7 24. f4 c5 25. c3 cxd4 26. cxd4 Rc4 0-1